000 00341nam a2200133 4500
999 _c8417
_d8417
020 _a812191776X(Hardcover)
082 _a621.319AGA
100 _aAgarwal, M.P
245 _aFuture Sources of Electrical Power
260 _aNew Delhi
_bS.Chand Publishers
_c1999.
300 _aX,213p. ;
650 _aElectric power distribution
942 _cBK